Obras completas / (Record no. 138520)

MARC details
000 -LEADER
campo de control de longitud fija 00632nam a2200181 4500
001 - NÚMERO DE CONTROL
campo de control 138520
003 - IDENTIFICADOR DE NÚMERO DE CONTROL
campo de control ES-MaACL
007 - CAMPO FIJO DE DESCRIPCIÓN FÍSICA--INFORMACIÓN GENERAL
campo de control de longitud fija t|
008 - DATOS DE LONGITUD FIJA--INFORMACIÓN GENERAL
campo de control de longitud fija 070214s1973 sp r ||||1| spa d
100 1# - ENTRADA PRINCIPAL--NOMBRE DE PERSONA
Nombre de persona San Pedro, Diego de.
9 (RLIN) 102290
245 10 - MENCIÓN DEL TÍTULO
Título Obras completas /
Mención de responsabilidad, etc. Diego de San Pedro ; edición, introducción y notas de Keith Whinnom.
Número de parte o sección de la obra , . I.
260 ## - PUBLICACIÓN, DISTRIBUCIÓN, ETC.
Lugar de publicación, distribución, etc. Madrid :
Nombre del editor, distribuidor, etc. Castalia,
Fecha de publicación, distribución, etc. 1973.
300 ## - DESCRIPCIÓN FÍSICA
Extensión 198 p. :
Otras características físicas il. ;
Dimensiones 18 cm.
500 ## - NOTA GENERAL
Nota general Contiene: Tractado de amores de Arnalte y Lucenda ; y Sermón.
700 1# - ENTRADA AGREGADA--NOMBRE PERSONAL
Nombre de persona Whinnom, Keith.
9 (RLIN) 116635
740 0# - ENTRADA AGREGADA--TÍTULO RELACIONADO/ANALÍTICO NO CONTROLADO
Título relacionado o analítico no controlado Tractado de amores de Arnalte y Lucenda.
852 ## - LOCALIZACIÓN
Ubicación ES-MaACL
Número de control de estantería E-8487
Sublocalización o colección R.92716
Holdings
Estatus retirado Estado de pérdida Estado de daño No para préstamo Biblioteca de origen Biblioteca actual Ubicación en estantería Fecha de adquisición Fuente de adquisición Total de préstamos Signatura topográfica completa Código de barras Visto por última vez Precio de reemplazo Tipo de ítem Koha
        Biblioteca del Ateneo de Madrid Biblioteca del Ateneo de Madrid Depósito 2 17/01/2008     E-8487 1144139 23/02/2023 23/02/2023 Libro impreso